| 000 | 00855nam a22002897a 4500 | ||
|---|---|---|---|
| 003 | CHAP | ||
| 005 | 20220329134123.0 | ||
| 008 | 971013s r 00010 d | ||
| 010 | _a15695 | ||
| 011 | _a16667 | ||
| 035 | _a20749 | ||
| 040 | _cCHAP | ||
| 090 | _aFolleto 3270 | ||
| 100 | 0 | 0 |
_aGuanos y Fertilizantes de México, S. A. _951001 |
| 245 | _aMás arroz por hectárea con fertilizantes | ||
| 260 | _a(México, S.A.) | ||
| 300 | _as.p. | ||
| 590 |
_aBATCH-UPD _b10 _c20130110 _lUCH01 _h2025 |
||
| 590 |
_aBATCH-UPD _b10 _c20130410 _lUCH01 _h1343 |
||
| 590 |
_aBATCH-UPD _b10 _c20130914 _lUCH01 _h0407 |
||
| 590 |
_aCONVERSION _b10 _c20130109 _lUCH01 _h1310 |
||
| 650 | 1 | 4 |
_aArroz _xRendimiento. _97651 |
| 650 | 1 | 4 |
_aFertilizantes para arroz. _940602 |
| 901 | _aBK | ||
| 942 | _cFOLL | ||
| 949 |
_aFolleto 3270 _bBC _cFOLL _d-48344 _eTS1 _i20749 _mD _si |
||
| 999 |
_c15695 _d15695 |
||